Statistics for 20 Most Streamed Songs from 2011 on Spotify

Click here to take the quiz!

General Stats

  • This quiz has been taken 159 times
    (148 since last reset)
  • The average score is 13 of 20

Answer Stats

ArtistSong% Correct
AdeleSomeone Like You
98%
AdeleRolling in the Deep
98%
AdeleSet Fire to the Rain
98%
Maroon 5Moves Like Jagger
94%
Bruno MarsGrenade
87%
RihannaWe Found Love
82%
GotyeSomebody That I Used To Know
79%
David GuettaTitanium
73%
Jay-ZNi**as In Paris
68%
ColdplayParadise
65%
Ed SheeranThe A Team
62%
AviciiLevels
56%
Foster The PeoplePumped Up Kicks
55%
Michael BubléIt's Beginning to Look a Lot Like Christmas
49%
Calvin HarrisFeel So Close
46%
PitbullGive Me Everything
46%
Christina PerriA Thousand Years
42%
Gym Class HeroesStereo Hearts
32%
M83Midnight City
25%
GrouploveTongue Tied
14%

Score Distribution

Percentile by Number Answered

Percent of People with Each Score

Your Score History

You have not taken this quiz since the last reset